| 000 | 00724nam a22002297a 4500 | ||
|---|---|---|---|
| 999 |
_c15441 _d15441 |
||
| 003 | AR-CdUCM | ||
| 008 | 190427b ||||| |||| 00| 0 spa d | ||
| 020 | _a968-29-1571-6 | ||
| 040 |
_aMUNICIPALIDAD PROVINCIAL DEL CUSCO _cBIBLIOTECA MUNICIPAL DEL CUSCO |
||
| 082 |
_22ed. _aEP / 869 / _bC48 |
||
| 100 |
_aCesáreo, Fray _934510 |
||
| 245 |
_aEl rabipelado burlado : _bCuento de la tribu pemón / |
||
| 260 |
_aMexico : _bLibros del rincon SEP, _c1980. |
||
| 300 |
_bIlustraciones, graficos, dibujos _c21 cm. |
||
| 500 | _aCuento e historia | ||
| 650 |
_aCuento _94671 |
||
| 650 |
_aHistoria _9136 |
||
| 650 |
_aLiteratura _983 |
||
| 700 |
_aUribe, Veronica _934511 |
||
| 942 |
_2ddc _cLIBROS |
||
| 945 |
_apjha _d2019-04-27 |
||